What Must Public Companies Disclose? A Primer /

Detalles Bibliográficos
Autor principal: Tsacoumis, Stephanie
Formato: eBook
Lenguaje:inglés
Publicado: Chicago: American Bar Association, 2019
Materias:
Acceso en línea:Acceso restringido

MARC

LEADER 00000nam a22000007a 4500
005 20210225205059.0
007 cr|||| ||||
008 210225s2019 us |||||s|||| 00||0 eng d
020 |a 9781641054584 
035 |a 31249 
040 |a vLex 
090 |c 11273  |d 11273 
100 1 |a Tsacoumis, Stephanie 
245 1 0 |a What Must Public Companies Disclose?  |h [Recurso electrn̤ico] :  |b A Primer /  |c Stephanie Tsacoumis 
256 |a Servicio en ln̕ea 
260 |a Chicago:  |b American Bar Association,  |c 2019 
300 |a 1 recurso electrn̤ico 
500 |a What Must Public Companies Disclose? A Primer is a primer on the disclosure requirements applicable to public companies and their executive officers and directors. The book's audience includes non-securities lawyers, accountants and public company directors and officers. 
506 1 |a Disponible solo en los productos indicados  |d vLex Global  |d vLex Global (Academic Edition, excluding Law Schools)  |d vLex Global (Academic Edition, Law Schools) 
650 0 4 |a Derecho Mercantil y de la Empresa  |z Estados Unidos 
740 0 |a vLex Libros (Servicio en ln̕ea) 
856 4 0 |u http://vlex.com/source/what-must-public-companies-disclose-a-primer-31249  |z Acceso restringido 
942 |c BOOK 
999 0 |a Commercial and Company Law